| 000 | 00621nam a2200241 a 4500 | ||
|---|---|---|---|
| 001 | nice12345678 | ||
| 003 | IN_TiNIC | ||
| 005 | 20260116013622.0 | ||
| 008 | 050524s1995 dela grp 000 0 eng | ||
| 020 |
_a817024X _c200 |
||
| 082 | 0 | 0 |
_a954.6 _bWAN |
| 100 | _aWani, Gull Mohammad | ||
| 245 |
_aKashmir _b Need for Sub-Continental Political Initiative |
||
| 260 |
_aDelhi _bAshish Publishing House _c1995 |
||
| 300 | _a106p | ||
| 500 | _aincludes index and biblioraphy | ||
| 505 | 2 | _aIndex | |
| 650 | _aKashmir | ||
| 700 | 1 | _aWani, Gull Mohammad | |
| 902 | _bSRS | ||
| 942 | _cBK | ||
| 999 |
_c11680 _d11680 |
||